Real Madrid players (2000-2010) - Statistics

General Stats
  • This quiz has been taken 39 times
  • The average score is 46 of 97
Answer Stats
Rank Player Positions Nationality Matches Goals (assists) Period % Correct
51 Cristiano Ronaldo ST 29 26 (9) 2009-2010
100%
12 David Beckham CM 116 13 (37) 2003-2007
100%
2 Raúl CF 334 127 (58) 2000-2010
100%
4 Roberto Carlos LB 228 29 (46) 2000-2007
100%
11 Ronaldo ST 127 83 (24) 2002-2007
100%
1 Iker Casillas GK 358 0 (0) 2000-2010
97%
7 Luís Figo RW 164 38 (59) 2000-2005
92%
29 Pepe CB 55 1 (0) 2007-2010
92%
8 Sergio Ramos CB 164 22 (14) 2005-2010
92%
9 Zinédine Zidane AM 155 37 (51) 2001-2006
87%
18 Marcelo LB 92 8 (16) 2006-2010
84%
13 Gonzalo Higuaín ST 110 59 (25) 2006-2010
82%
3 Guti CM 291 37 (62) 2000-2010
82%
24 Ruud van Nistelrooy ST 68 46 (9) 2006-2010
82%
17 Fabio Cannavaro CB 94 0 (0) 2006-2009
79%
22 Fernando Hierro CB 84 10 (4) 2000-2003
79%
41 Michael Owen ST 36 13 (3) 2004-2005
79%
33 Arjen Robben RW 50 11 (12) 2007-2009
76%
16 Claude Makélélé DM 94 1 (4) 2000-2003
76%
20 Fernando Morientes ST 88 29 (9) 2000-2005
76%
55 Kaká AM 25 8 (7) 2009-2010
76%
38 Lassana Diarra DM 42 1 (2) 2008-2010
74%
21 Mahamadou Diarra DM 87 3 (2) 2006-2010
74%
6 Iván Helguera CB 196 18 (8) 2000-2007
68%
53 Karim Benzema ST 27 8 (5) 2009-2010
68%
15 Robinho LW 101 25 (18) 2005-2008
68%
25 Steve McManaman RM 66 5 (11) 2000-2003
68%
32 Wesley Sneijder AM 52 11 (10) 2007-2009
68%
62 Klaas-Jan Huntelaar ST 20 8 (0) 2008-2009
66%
5 Míchel Salgado RB 222 4 (12) 2000-2009
66%
45 Raúl Albiol CB 33 0 (1) 2009-2010
66%
44 Xabi Alonso DM 34 3 (5) 2009-2010
66%
46 Álvaro Arbeloa RB 32 2 (2) 2004-2005, 2009-2010
61%
94 Marcos Alonso LB 1 0 (0) 2009-2010
61%
42 Sávio LW 34 3 (10) 2000-2002
61%
58 Christoph Metzelder CB 23 0 (1) 2007-2010
58%
19 Fernando Gago DM 88 1 (11) 2006-2010
58%
66 Javier Saviola CF 17 4 (1) 2007-2009
58%
27 Rafael van der Vaart AM 58 11 (12) 2008-2010
58%
35 Royston Drenthe LM 46 2 (4) 2007-2010
58%
37 Gabriel Heinze CB 44 3 (2) 2007-2009
55%
63 Antonio Cassano CF 19 2 (3) 2005-2007
53%
47 Esteban Granero CM 31 3 (4) 2009-2010
53%
64 Javi García DM 18 0 (1) 2004-2005, 2008-2009
53%
90 Jerzy Dudek GK 1 0 (0) 2007-2008
53%
43 Thomas Gravesen DM 34 1 (0) 2004-2006
53%
83 Diego López GK 2 0 (0) 2005-2006
50%
59 Pablo García DM 22 0 (0) 2005-2006
50%
50 Walter Samuel CB 30 2 (2) 2004-2005
50%
60 César Sánchez GK 20 0 (0) 2000-2002, 2003-2005
47%
72 Jonathan Woodgate CB 9 0 (0) 2005-2006
47%
84 Jordi López CM 2 0 (0) 2003-2004
47%
10 Santiago Solari LM 130 10 (9) 2000-2005
47%
88 Carlos Sánchez GK 1 0 (0) 2001-2002
45%
39 Esteban Cambiasso DM 41 0 (4) 2002-2004
45%
67 Rubén de la Red CM 17 1 (1) 2005-2007, 2008-2009
42%
57 Borja Fernández DM 23 0 (1) 2003-2005
39%
14 Francisco Pavón CB 106 1 (1) 2001-2006
39%
61 Ezequiel Garay CB 20 1 (3) 2009-2010
37%
23 Raúl Bravo CB 77 4 (0) 2001-2007
37%
54 Cicinho RB 26 2 (5) 2005-2007
34%
52 Emerson DM 28 1 (3) 2006-2007
34%
26 Júlio Baptista AM 59 11 (6) 2005-2006, 2007-2008
32%
34 Aitor Karanka CB 49 0 (0) 2000-2002
29%
40 Álvaro Mejía CB 40 1 (0) 2003-2007
29%
73 Javier Balboa RW 7 0 (1) 2005-2006, 2007-2008
29%
49 José Antonio Reyes RW 30 6 (2) 2006-2007
29%
76 Manolo Sanchís CB 5 0 (0) 2000-2001
26%
69 Iván Campo DM 13 0 (0) 2000-2002
24%
68 Roberto Soldado ST 16 2 (0) 2005-2006, 2007-2008
24%
48 Javier Portillo ST 31 6 (1) 2002-2005
21%
74 Juanfran Torres RB 6 0 (1) 2003-2005
21%
31 Miguel Torres RB 52 0 (3) 2006-2009
21%
56 Njitap Geremi RM 25 0 (4) 2000-2002
21%
77 Rubén González CB 4 0 (0) 2001-2004
21%
28 Albert Celades DM 56 1 (1) 2000-2003, 2004-2005
18%
36 Flávio Conceição CM 45 1 (1) 2000-2003
18%
92 Jotha Pérez AM 1 0 (0) 2004-2005
16%
93 Juanfran Moreno RB 1 0 (0) 2009-2010
16%
65 Óscar Miñambres RB 18 0 (4) 2001-2004
16%
75 Dani Parejo CM 5 0 (0) 2008-2009
13%
91 Jordi Codina GK 1 0 (0) 2007-2008
13%
80 José Manuel Jurado AM 3 0 (0) 2005-2006
13%
85 Julien Faubert RB 2 0 (0) 2008-2009
13%
30 Pedro Munitis CF 53 4 (7) 2000-2002
13%
71 Antonio Núñez RW 10 1 (0) 2003-2004
11%
70 Carlos Diogo RB 12 0 (0) 2005-2006
11%
81 Miguel Palanca AM 3 0 (0) 2008-2009
11%
87 Miguel Palencia RB 2 0 (0) 2004-2005
11%
96 Pedro Mosquera CM 1 0 (0) 2009-2010
11%
78 Tote AM 4 0 (0) 2000-2001, 2002-2003
11%
79 Alberto Bueno CF 3 0 (0) 2008-2009
8%
82 Alberto Rivera CM 2 0 (0) 2000-2001
8%
97 Valdo RW 1 0 (1) 2001-2002
8%
89 Gary Kagelmacher CB 1 0 (0) 2008-2009
5%
95 Marcos Tébar DM 1 0 (0) 2008-2009
5%
86 Miguel Ángel Nieto LW 2 0 (0) 2006-2007
5%
No matching quizzes found
Score Distribution
Percent of People with Each Score
Percentile by Number Answered
Your Score History
You have not taken this quiz